| 000 | 00734nam a22002177a 4500 | ||
|---|---|---|---|
| 003 | SEM | ||
| 005 | 20260625171617.0 | ||
| 008 | 260623s1963 ai ||||gr||||||01|||arm|d | ||
| 040 |
_aSEM _cSEM |
||
| 041 | _aarm | ||
| 080 | _a891.981-3/Խ-24 | ||
| 100 |
_aԽանզադյան, Սերո _q(Ханзадян, Серо) |
||
| 245 |
_aՄխիթար Սպարապետ : _bՊատմավեպ / _cՍ. Խանզադյան; Խմբ.՝ Ս. Սարգսյան |
||
| 246 | _aМхитар Спарапет / | ||
| 260 |
_aԵրևան : _bՀայպետհրատ, _c1963. |
||
| 300 |
_a743 էջ ; _c22 սմ |
||
| 650 |
_aՀայ գրականություն _xարձակ |
||
| 653 | _aՍԷՄ | ||
| 700 |
_aՍարգսյան, Ս. _eխմբ. _4edt. |
||
| 942 |
_2udc _cBK |
||
| 999 |
_c77336 _d77336 |
||